[Event "ITA-ch B"]
[Site "Civitanova Marche"]
[Date "2012.07.19"]
[Round "5"]
[White "Fioravanti, Emidio"]
[Black "Biancarelli, Renato"]
[Result "0-1"]
[WhiteElo "1904"]
[BlackElo "1520"]
[PlyCount "110"]
[EventDate "2012.07.15"]
[EventType "swiss"]
[EventRounds "8"]
[EventCountry "ITA"]
[SourceTitle "EXT 2023"]
[Source "ChessBase"]
[SourceDate "2022.10.05"]
[SourceVersion "1"]
[SourceVersionDate "2022.10.05"]
[SourceQuality "1"]

1. e4 e5 2. f4 Bc5 3. Nf3 d6 4. Bc4 Nf6 5. d3 Nc6 6. c3 0-0 7. b4 Bb6 8. a4 a5 9. b5 Ne7 10. Qe2 exf4 11. Bxf4 Ng6 12. Be3 Bxe3 13. Qxe3 d5 14. Bb3 dxe4 15. dxe4 Nxe4 16. 0-0 Nd6 17. Nbd2 Re8 18. Qc5 Be6 19. Bc2 h6 20. Rad1 Qe7 21. Rde1 Qd7 22. Bxg6 fxg6 23. Ne5 Qd8 24. Nxg6 Nf7 25. Nf3 Qd6 26. Qh5 Nh8 27. Nxh8 Kxh8 28. Ng5 Qc5+ 29. Kh1 Qxg5 30. Qe2 Bd5 31. Qf2 Bc4 32. Rg1 Rf8 33. Qd4 Bg8 34. Re3 Rf2 35. Rg3 Qf6 36. Qd3 Rf8 37. Rg6 Qf5 38. Rg3 Qxd3 39. Rxd3 Bb3 40. Rd4 R8f7 41. h3 R7f4 42. Rd8+ Kh7 43. Kh2 Bxa4 44. Rd5 Rf5 45. Rxf5 Rxf5 46. c4 Rc5 47. Rb1 Rxc4 48. b6 cxb6 49. Rxb6 Bc6 50. g4 a4 51. Rb1 b5 52. Kg3 a3 53. Kh4 a2 54. Rg1 Ra4 55. Ra1 b4 0-1

[Event "Civitanova Marche Region-ch"]
[Site "Civitanova Marche"]
[Date "2011.05.13"]
[Round "2"]
[White "Fioravanti, Emidio"]
[Black "Fioravanti, Diego"]
[Result "1/2-1/2"]
[WhiteElo "1945"]
[BlackElo "2139"]
[PlyCount "47"]
[EventDate "2011.05.13"]
[EventType "swiss"]
[EventRounds "5"]
[EventCountry "ITA"]
[SourceTitle "EXT 2024"]
[Source "ChessBase"]
[SourceDate "2023.10.10"]
[SourceVersion "1"]
[SourceVersionDate "2023.10.10"]
[SourceQuality "1"]

1. e4 c6 2. d4 d5 3. e5 Bf5 4. Nf3 e6 5. Bd3 Ne7 6. 0-0 Nd7 7. Re1 c5 8. c3 Bxd3 9. Qxd3 Nc6 10. a3 Qb6 11. b4 cxd4 12. cxd4 Be7 13. Nc3 0-0 14. Na4 Qd8 15. Nc5 b6 16. Nb3 Qe8 17. b5 Nd8 18. Bg5 f6 19. exf6 Bxf6 20. Rac1 Qh5 21. Bxf6 Nxf6 22. Re5 Qh6 23. Rc7 Ne4 24. Qe3 1/2-1/2

[Event "Offida Winter op 8th"]
[Site "Offida"]
[Date "2010.12.12"]
[Round "6"]
[White "Fioravanti, Emidio"]
[Black "Giobbi, Costantino"]
[Result "1-0"]
[WhiteElo "1963"]
[BlackElo "1916"]
[PlyCount "91"]
[EventDate "2010.12.05"]
[EventType "swiss"]
[EventRounds "6"]
[EventCountry "ITA"]
[SourceTitle "EXT 2024"]
[Source "ChessBase"]
[SourceDate "2023.10.10"]
[SourceVersion "1"]
[SourceVersionDate "2023.10.10"]
[SourceQuality "1"]

1. e4 e6 2. d4 d5 3. e5 c5 4. c3 Nc6 5. Nf3 Bd7 6. a3 c4 7. Nbd2 Na5 8. Be2 Ne7 9. 0-0 Nf5 10. Kh1 Be7 11. g4 Nh6 12. Rg1 Qb6 13. Rb1 0-0-0 14. Nf1 Nb3 15. Bf4 Ba4 16. Ne3 Ng8 17. Qf1 Na5 18. Bd1 Bxd1 19. Qxd1 Nb3 20. Nc2 f6 21. Qe2 g5 22. exf6 Bxf6 23. Nxg5 Bxg5 24. Bxg5 Re8 25. Qe5 h6 26. Qxh8 hxg5 27. Qh5 Qd8 28. Qg6 Nd2 29. Rbe1 Nf6 30. Qxg5 Nf3 31. Qf4 Nxg1 32. Kxg1 Nxg4 33. Re2 Rf8 34. Qg3 Rg8 35. Kf1 Kd7 36. Ke1 Nf6 37. Qe5 Rg1+ 38. Kd2 Ne4+ 39. Rxe4 dxe4 40. Qb5+ Kc8 41. Qxc4+ Kb8 42. Qxe6 Rb1 43. Qe5+ Ka8 44. Qxe4 Rxb2 45. Kd3 Qh8 46. h4 1-0

[Event "Offida Winter op 8th"]
[Site "Offida"]
[Date "2010.12.12"]
[Round "5"]
[White "Gregori, Giacomo"]
[Black "Fioravanti, Emidio"]
[Result "1-0"]
[WhiteElo "1902"]
[BlackElo "1963"]
[PlyCount "63"]
[EventDate "2010.12.05"]
[EventType "swiss"]
[EventRounds "6"]
[EventCountry "ITA"]
[SourceTitle "EXT 2024"]
[Source "ChessBase"]
[SourceDate "2023.10.10"]
[SourceVersion "1"]
[SourceVersionDate "2023.10.10"]
[SourceQuality "1"]

1. Nf3 Nf6 2. c4 c5 3. Nc3 Nc6 4. g3 g6 5. Bg2 Bg7 6. 0-0 0-0 7. d4 cxd4 8. Nxd4 Qc7 9. Bf4 e5 10. Ndb5 Qb8 11. Be3 b6 12. Nd5 Ne8 13. Qd2 f5 14. Bh6 Kh8 15. Bxg7+ Kxg7 16. Nb4 e4 17. Rad1 Qe5 18. Nd5 Rf7 19. f4 Qb8 20. g4 a6 21. Nbc3 d6 22. gxf5 gxf5 23. Kh1 Be6 24. Bh3 Kh8 25. Nxe4 fxe4 26. Bxe6 Rg7 27. Qc3 Raa7 28. Rg1 Ne7 29. f5 Nxd5 30. cxd5 Qd8 31. Rc1 Nf6 32. Qxf6 1-0

[Event "Offida Winter op 8th"]
[Site "Offida"]
[Date "2010.12.08"]
[Round "4"]
[White "Di Donatantonio, Franco"]
[Black "Fioravanti, Emidio"]
[Result "1-0"]
[WhiteElo "2123"]
[BlackElo "1963"]
[PlyCount "103"]
[EventDate "2010.12.05"]
[EventType "swiss"]
[EventRounds "6"]
[EventCountry "ITA"]
[SourceTitle "EXT 2024"]
[Source "ChessBase"]
[SourceDate "2023.10.10"]
[SourceVersion "1"]
[SourceVersionDate "2023.10.10"]
[SourceQuality "1"]

1. e4 c5 2. Nf3 d6 3. Bb5+ Nd7 4. 0-0 a6 5. Bxd7+ Bxd7 6. c3 e6 7. d3 Nf6 8. Nbd2 Be7 9. Qe2 0-0 10. Re1 Bc6 11. Nf1 Qc7 12. Ng3 Rad8 13. Bf4 Rfe8 14. Rad1 Qa5 15. Ra1 b5 16. h3 Qb6 17. Nh2 Bb7 18. Nh5 Qc6 19. Bg5 Nxh5 20. Qxh5 f5 21. Nf3 Qd7 22. Rad1 Bxg5 23. Nxg5 g6 24. Qh6 Qg7 25. Qxg7+ Kxg7 26. exf5 Kf6 27. Nxe6 Rd7 28. Nf4 Rxe1+ 29. Rxe1 gxf5 30. h4 Re7 31. Nh5+ Kf7 32. Rxe7+ Kxe7 33. f3 Bd5 34. a3 Bb3 35. Kf2 Bf7 36. Nf4 Kf6 37. g4 Ke5 38. Ke3 a5 39. g5 d5 40. d4+ Kd6 41. h5 c4 42. g6 hxg6 43. h6 Bg8 44. Nxg6 Ke6 45. h7 Bxh7 46. Nf8+ Kf6 47. Nxh7+ Ke6 48. Kf4 b4 49. cxb4 axb4 50. axb4 Kd6 51. Nf6 Kc6 52. Kxf5 1-0

[Event "AP Province-ch"]
[Site "Fermo"]
[Date "2008.01.20"]
[Round "6"]
[White "Rotoni, Matteo"]
[Black "Fioravanti, Emidio"]
[Result "0-1"]
[WhiteElo "2119"]
[BlackElo "2016"]
[PlyCount "66"]
[EventDate "2008.01.12"]
[EventType "swiss"]
[EventRounds "6"]
[EventCountry "ITA"]
[SourceTitle "EXT 2009"]
[Source "ChessBase"]
[SourceDate "2008.11.26"]
[SourceVersion "1"]
[SourceVersionDate "2008.11.26"]
[SourceQuality "1"]

1. e4 c5 2. d4 cxd4 3. c3 dxc3 4. Nxc3 Nc6 5. Nf3 d6 6. Bc4 e6 7. 0-0 a6 8. Qe2 b5 9. Bb3 Bb7 10. Rd1 Na5 11. e5 Nxb3 12. axb3 d5 13. Be3 Ne7 14. Ne4 Nf5 15. Bg5 Qb6 16. Ng3 Nxg3 17. hxg3 Bc5 18. Bd2 b4 19. Be3 Bxe3 20. fxe3 0-0 21. Rd4 a5 22. Nh2 Qc7 23. Ng4 Kh8 24. Kf2 f5 25. exf6 gxf6 26. Rh1 e5 27. Rdd1 e4 28. Nh6 Qe5 29. Rh5 f5 30. Rdh1 Ba6 31. Qd2 Bd3 32. Rc1 Ra7 33. Rc8 Rxc8 0-1

[Event "AP Province-ch"]
[Site "Fermo"]
[Date "2008.01.13"]
[Round "2"]
[White "Fioravanti, Emidio"]
[Black "Perogio, Lorenzo"]
[Result "0-1"]
[WhiteElo "2016"]
[BlackElo "1886"]
[PlyCount "58"]
[EventDate "2008.01.12"]
[EventType "swiss"]
[EventRounds "6"]
[EventCountry "ITA"]
[SourceTitle "EXT 2009"]
[Source "ChessBase"]
[SourceDate "2008.11.26"]
[SourceVersion "1"]
[SourceVersionDate "2008.11.26"]
[SourceQuality "1"]

1. e4 e5 2. Nf3 Nc6 3. Bb5 Nf6 4. Nc3 Nd4 5. Bc4 Bc5 6. d3 c6 7. Bg5 d6 8. h3 Qb6 9. Rb1 Be6 10. 0-0 Bxc4 11. dxc4 Qb4 12. Nd2 Qb6 13. Na4 Qc7 14. Nxc5 dxc5 15. c3 Ne6 16. Qc2 Nxg5 17. f4 Ne6 18. fxe5 Nd7 19. Nf3 g6 20. Rbd1 0-0-0 21. Qa4 Kb8 22. b4 Nxe5 23. Nxe5 Qxe5 24. Rb1 Nf4 25. b5 Qxe4 26. Rb2 Ne2+ 27. Rxe2 Qxe2 28. bxc6 Rd2 29. c7+ Kc8 0-1

[Event "AP Province-ch"]
[Site "Fermo"]
[Date "2008.01.12"]
[Round "1"]
[White "Armandi, Nazzareno"]
[Black "Fioravanti, Emidio"]
[Result "0-1"]
[WhiteElo "1610"]
[BlackElo "2016"]
[PlyCount "84"]
[EventDate "2008.01.12"]
[EventType "swiss"]
[EventRounds "6"]
[EventCountry "ITA"]
[SourceTitle "EXT 2009"]
[Source "ChessBase"]
[SourceDate "2008.11.26"]
[SourceVersion "1"]
[SourceVersionDate "2008.11.26"]
[SourceQuality "1"]

1. d4 Nf6 2. c4 e6 3. Nc3 Bb4 4. Qc2 c5 5. e3 0-0 6. Nf3 b6 7. Be2 Bb7 8. 0-0 Bxc3 9. Qxc3 Ne4 10. Qc2 f5 11. Re1 Nc6 12. b3 Nb4 13. Qd1 Nc3 14. Qd2 Nxe2+ 15. Qxe2 Bxf3 16. Qxf3 Nc2 17. Bb2 Nxa1 18. Bxa1 d6 19. d5 e5 20. Bc3 Qg5 21. Qg3 Qxg3 22. hxg3 Rae8 23. a4 g5 24. Rc1 a5 25. Kh2 f4 26. gxf4 gxf4 27. Bd2 Rf5 28. Re1 Rh5+ 29. Kg1 f3 30. gxf3 Kf7 31. Kf1 Rh1+ 32. Ke2 Rxe1+ 33. Kxe1 Rg8 34. e4 Rg1+ 35. Ke2 h5 36. f4 h4 37. Be3 h3 38. f3 h2 39. fxe5 Rg2+ 40. Kd3 h1Q 41. exd6 Qb1+ 42. Kc3 Qc2# 0-1

[Event "Porto Sant Elpidio op-A 10th"]
[Site "Porto Sant Elpidio"]
[Date "2007.12.02"]
[Round "6"]
[White "Fratini, Mauro"]
[Black "Fioravanti, Emidio"]
[Result "1-0"]
[WhiteElo "1979"]
[BlackElo "2016"]
[PlyCount "67"]
[EventDate "2007.11.24"]
[EventType "swiss"]
[EventRounds "6"]
[EventCountry "ITA"]
[SourceTitle "EXT 2010"]
[Source "ChessBase"]
[SourceDate "2010.11.25"]
[SourceVersion "1"]
[SourceVersionDate "2010.11.25"]
[SourceQuality "1"]

1. d4 Nf6 2. Bf4 g6 3. e3 Bg7 4. Nf3 0-0 5. h3 c5 6. c3 d6 7. Nbd2 Nc6 8. Be2 Bd7 9. 0-0 Rc8 10. dxc5 dxc5 11. a4 Be6 12. Ng5 Nd5 13. Nxe6 fxe6 14. Bg3 Nxc3 15. bxc3 Bxc3 16. Ra2 Nb4 17. Bc4 Nxa2 18. Bxe6+ Kg7 19. Bxc8 Qxc8 20. Qb3 Bxd2 21. Be5+ Kh6 22. Qxa2 Rf5 23. Qb2 Qg8 24. g4 Rxe5 25. Qxe5 Qf7 26. f4 Qb3 27. Qg5+ Kg7 28. Qxe7+ Qf7 29. Qxc5 Qe6 30. Qd4+ Kf7 31. Qxd2 Qc6 32. Rc1 Qxa4 33. Qd5+ Ke7 34. Rc7+ 1-0

[Event "Porto Sant Elpidio op-A 10th"]
[Site "Porto Sant Elpidio"]
[Date "2007.11.25"]
[Round "2"]
[White "Baleani, Emanuele"]
[Black "Fioravanti, Emidio"]
[Result "0-1"]
[WhiteElo "1897"]
[BlackElo "2016"]
[PlyCount "110"]
[EventDate "2007.11.24"]
[EventType "swiss"]
[EventRounds "6"]
[EventCountry "ITA"]
[SourceTitle "EXT 2010"]
[Source "ChessBase"]
[SourceDate "2010.11.25"]
[SourceVersion "1"]
[SourceVersionDate "2010.11.25"]
[SourceQuality "1"]

1. e4 c5 2. Nf3 d6 3. d4 cxd4 4. Nxd4 Nf6 5. Nc3 g6 6. f3 Bg7 7. Be3 0-0 8. Qd2 Nc6 9. 0-0-0 Nxd4 10. Bxd4 Be6 11. Kb1 Qc7 12. g4 Rfc8 13. h4 Qa5 14. Nd5 Qxd2 15. Nxf6+ Bxf6 16. Rxd2 Bxd4 17. Rxd4 Rc5 18. Rd2 Rac8 19. Bd3 a5 20. Rg2 b5 21. f4 b4 22. f5 Bc4 23. fxg6 fxg6 24. g5 Rf8 25. Rgh2 Bxd3 26. cxd3 Rf3 27. Rh3 Rf2 28. R3h2 Rcc2 29. Rxf2 Rxf2 30. Kc1 Rg2 31. Rf1 Rg4 32. Rh1 Kf7 33. Rh3 Ke6 34. Kc2 a4 35. a3 Rg2+ 36. Kc1 b3 37. h5 Ke5 38. hxg6 hxg6 39. Rh7 Kd4 40. e5 Kxd3 41. Rh3+ Ke2 42. Rh1 dxe5 43. Rd1 Rxg5 44. Rd2+ Ke3 45. Rd1 Rg2 46. Re1+ Re2 47. Rg1 Rc2+ 48. Kb1 Rc6 49. Rg3+ Kf4 50. Rh3 g5 51. Rh1 g4 52. Rf1+ Ke3 53. Re1+ Kd2 54. Rg1 Rc4 55. Ka1 Re4 0-1

[Event "Porto Sant Elpidio op-A 10th"]
[Site "Porto Sant Elpidio"]
[Date "2007.11.24"]
[Round "1"]
[White "Fioravanti, Emidio"]
[Black "Faini, Marco"]
[Result "1/2-1/2"]
[WhiteElo "2016"]
[BlackElo "1860"]
[PlyCount "114"]
[EventDate "2007.11.24"]
[EventType "swiss"]
[EventRounds "6"]
[EventCountry "ITA"]
[SourceTitle "EXT 2010"]
[Source "ChessBase"]
[SourceDate "2010.11.25"]
[SourceVersion "1"]
[SourceVersionDate "2010.11.25"]
[SourceQuality "1"]

1. e4 d5 2. exd5 Qxd5 3. d4 c6 4. Nf3 Nf6 5. Nc3 Qa5 6. Bd2 Qc7 7. Bc4 Bf5 8. Ne5 e6 9. g4 Be4 10. Rg1 Bd5 11. Bd3 Nfd7 12. Bf4 Bd6 13. Qe2 Nxe5 14. dxe5 Bb4 15. Bd2 Nd7 16. f4 a6 17. a3 Ba5 18. 0-0-0 0-0-0 19. Kb1 Kb8 20. Rg3 c5 21. Nxd5 exd5 22. Bf5 Bxd2 23. Qxd2 Nf8 24. c4 d4 25. Rb3 Ne6 26. Be4 b6 27. f5 Nf8 28. Qg5 g6 29. Qf6 Nd7 30. Qxf7 Nxe5 31. Qe6 Ka7 32. fxg6 hxg6 33. h3 Qd6 34. Qxd6 Rxd6 35. Bd5 Rf6 36. Re1 Re8 37. a4 a5 38. Rg3 Re7 39. Rg2 Nc6 40. Rxe7+ Nxe7 41. Re2 Nc6 42. Bxc6 Rxc6 43. Re7+ Kb8 44. Kc2 Rf6 45. Rd7 Kc8 46. Rg7 Re6 47. h4 Kd8 48. h5 gxh5 49. gxh5 Rh6 50. Rg5 Ke7 51. Kd3 Re6 52. Kd2 Kf7 53. Rd5 Kg7 54. Rf5 Kh6 55. Rd5 Kg7 56. Rd7+ Kh6 57. Rd5 Kg7 1/2-1/2

[Event "Porto Sant Elpidio op-A 9th"]
[Site "Porto Sant Elpidio"]
[Date "2006.11.19"]
[Round "3"]
[White "Cesarini, Leopoldo"]
[Black "Fioravanti, Emidio"]
[Result "1/2-1/2"]
[WhiteElo "1930"]
[BlackElo "2058"]
[PlyCount "67"]
[EventDate "2006.11.18"]
[EventType "swiss"]
[EventRounds "6"]
[EventCountry "ITA"]
[SourceTitle "EXT 2011"]
[Source "ChessBase"]
[SourceDate "2010.11.26"]
[SourceVersion "1"]
[SourceVersionDate "2010.11.26"]
[SourceQuality "1"]

1. Nf3 Nf6 2. g3 d5 3. Bg2 g6 4. 0-0 Bg7 5. d4 0-0 6. Nbd2 Nbd7 7. c4 c6 8. cxd5 cxd5 9. b3 b6 10. Bb2 Bb7 11. Re1 Re8 12. e4 dxe4 13. Ng5 e5 14. dxe5 Nxe5 15. Ngxe4 Nxe4 16. Nxe4 Qe7 17. Bxe5 Qxe5 18. Nd6 Qxe1+ 19. Qxe1 Rxe1+ 20. Rxe1 Bxg2 21. Kxg2 Rd8 22. Re8+ Rxe8 23. Nxe8 Be5 24. f4 Kf8 25. fxe5 Kxe8 26. Kf3 Kd7 27. Ke4 Ke6 28. g4 h6 29. h4 f6 30. exf6 Kxf6 31. a4 Ke6 32. b4 a6 33. b5 axb5 34. axb5 1/2-1/2

[Event "Porto Sant Elpidio op 7th"]
[Site "Porto Sant Elpidio"]
[Date "2004.11.14"]
[Round "2"]
[White "Ljubisavljevic, Zivojin Z"]
[Black "Fioravanti, Emidio"]
[Result "1-0"]
[WhiteElo "2273"]
[BlackElo "1910"]
[PlyCount "120"]
[EventDate "2004.11.13"]
[EventType "swiss"]
[EventRounds "6"]
[EventCountry "ITA"]
[SourceTitle "EXT 2009"]
[Source "ChessBase"]
[SourceDate "2008.11.26"]
[SourceVersion "1"]
[SourceVersionDate "2008.11.26"]
[SourceQuality "1"]

1. e4 c5 2. Nc3 d6 3. f4 g6 4. Nf3 Nc6 5. Bb5 a6 6. Bxc6+ bxc6 7. d3 Bg7 8. Bd2 Rb8 9. b3 Nf6 10. 0-0 0-0 11. Qe1 Bg4 12. Qh4 Bxf3 13. Rxf3 e6 14. f5 Nh5 15. Qxd8 Bd4+ 16. Kh1 Rfxd8 17. Raf1 exf5 18. exf5 d5 19. Na4 Rb5 20. fxg6 fxg6 21. Rf7 c4 22. g4 Ng7 23. c3 Be5 24. d4 Bd6 25. Ra7 Bb8 26. Rxa6 cxb3 27. axb3 Rxb3 28. Rxc6 Ra3 29. Nb6 Ra2 30. Rf2 Bf4 31. Rxf4 Rxd2 32. Nxd5 Ra8 33. Rcf6 Ne8 34. Rf2 Nxf6 35. Nxf6+ Kg7 36. Rxd2 Kxf6 37. Kg2 Rc8 38. Rd3 Ke6 39. Kg3 Kd5 40. Re3 Kc4 41. Re5 Kd3 42. Rc5 Rd8 43. d5 Rd6 44. c4 g5 45. Rc6 Rd7 46. d6 Ke2 47. h4 h6 48. hxg5 hxg5 49. Rc5 Rxd6 50. Re5+ Kf1 51. Rxg5 Rd4 52. Rf5+ Ke2 53. c5 Rc4 54. Kh4 Ke3 55. Kh5 Ke4 56. Rf1 Rxc5+ 57. g5 Rc2 58. Kh6 Ke5 59. g6 Rh2+ 60. Kg7 Ke6 1-0

[Event "Porto Sant Elpidio op 7th"]
[Site "Porto Sant Elpidio"]
[Date "2004.11.13"]
[Round "1"]
[White "Fioravanti, Emidio"]
[Black "Padovani, Alessio"]
[Result "1-0"]
[WhiteElo "1910"]
[BlackElo "2107"]
[PlyCount "145"]
[EventDate "2004.11.13"]
[EventType "swiss"]
[EventRounds "6"]
[EventCountry "ITA"]
[SourceTitle "EXT 2009"]
[Source "ChessBase"]
[SourceDate "2008.11.26"]
[SourceVersion "1"]
[SourceVersionDate "2008.11.26"]
[SourceQuality "1"]

1. e4 e5 2. Nf3 f5 3. Bc4 fxe4 4. Nxe5 Qg5 5. d4 Qxg2 6. Rf1 c6 7. Qh5+ g6 8. Bf7+ Kd8 9. Bxg6 d6 10. Qg5+ Qxg5 11. Bxg5+ Kc7 12. Nf7 hxg6 13. Nxh8 Bf5 14. Nf7 Bg7 15. Bf4 Bf8 16. Nc3 Kd7 17. 0-0-0 Nf6 18. d5 c5 19. Nb5 Ne8 20. Ng5 Na6 21. a3 Nf6 22. c4 Nc7 23. Nxc7 Kxc7 24. b4 b6 25. Ne6+ Bxe6 26. dxe6 Re8 27. f3 Nh5 28. Bg5 e3 29. Rfe1 Rxe6 30. Rxe3 Kd7 31. Rde1 Ng7 32. Rxe6 Nxe6 33. Be3 Be7 34. f4 Bf6 35. Rg1 Nf8 36. Kc2 Ke6 37. b5 Kf5 38. Rd1 Be7 39. Kd3 Ne6 40. Rg1 Bf6 41. a4 Nc7 42. Rg2 d5 43. a5 d4 44. Bd2 Ne6 45. axb6 axb6 46. Rg1 Bd8 47. h3 Bc7 48. Rf1 Bd6 49. Ra1 Bxf4 50. Ra7 Bc7 51. Ra8 Bd8 52. Rb8 Bc7 53. Rh8 Be5 54. Rh7 Bg7 55. Ba5 bxa5 56. Rxg7 Nxg7 57. b6 a4 58. b7 a3 59. b8Q a2 60. Qa7 a1Q 61. Qxa1 Ne6 62. Qa5 Nf4+ 63. Kd2 Ne6 64. Qb6 Ke5 65. Qc6 g5 66. Qd5+ Kf6 67. Qd6 Kf5 68. Qg3 Nf4 69. h4 gxh4 70. Qxh4 Ng6 71. Qh5+ Kf6 72. Qxc5 Ne5 73. Qxd4 1-0

[Event "Porto Sant Elpidio op-A 5th"]
[Site "Porto Sant Elpidio"]
[Date "2002.11.10"]
[Round "5"]
[White "Guglielmi, Dante"]
[Black "Fioravanti, Emidio"]
[Result "0-1"]
[WhiteElo "1711"]
[BlackElo "1774"]
[PlyCount "84"]
[EventDate "2002.11.02"]
[EventType "swiss"]
[EventRounds "6"]
[EventCountry "ITA"]
[SourceTitle "EXT 2024"]
[Source "ChessBase"]
[SourceDate "2023.10.10"]
[SourceVersion "1"]
[SourceVersionDate "2023.10.10"]
[SourceQuality "1"]

1. c4 Nf6 2. g3 e5 3. Nc3 Bc5 4. Bg2 0-0 5. e3 Nc6 6. Nge2 Re8 7. 0-0 a6 8. d4 exd4 9. exd4 Ba7 10. b3 d6 11. Bb2 Bg4 12. Qd2 Qd7 13. Rfe1 Bh3 14. Bh1 Qf5 15. Rad1 Bg4 16. Rb1 Ne5 17. Nf4 Nf3+ 18. Bxf3 Bxf3 19. Re3 Bc6 20. Rbe1 Rxe3 21. Rxe3 Ng4 22. Re1 g5 23. Nfd5 Kf8 24. Nxc7 Rc8 25. N7d5 Qf3 26. Re2 h6 27. Qd1 Kg7 28. Rd2 Qxd1+ 29. Rxd1 Re8 30. h3 Bxd5 31. Nxd5 Re2 32. Rb1 Nxf2 33. Kf1 Rd2 34. Ne3 Kg6 35. Nd5 Nxh3 36. Ne7+ Kh5 37. Ke1 Rg2 38. Kd1 Rxg3 39. Ke2 Nf4+ 40. Kf2 Kg4 41. Ng8 Rg2+ 42. Ke3 Re2# 0-1

[Event "Porto Sant Elpidio op-A 5th"]
[Site "Porto Sant Elpidio"]
[Date "2002.11.03"]
[Round "3"]
[White "Fioravanti, Emidio"]
[Black "Bruno, Fabio"]
[Result "0-1"]
[WhiteElo "1774"]
[BlackElo "2309"]
[PlyCount "81"]
[EventDate "2002.11.02"]
[EventType "swiss"]
[EventRounds "6"]
[EventCountry "ITA"]
[SourceTitle "EXT 2024"]
[Source "ChessBase"]
[SourceDate "2023.10.10"]
[SourceVersion "1"]
[SourceVersionDate "2023.10.10"]
[SourceQuality "1"]

1. e4 c5 2. d4 cxd4 3. c3 Nf6 4. e5 Nd5 5. cxd4 e6 6. Nc3 Nxc3 7. bxc3 Qc7 8. Qb3 b6 9. Be2 Bb7 10. Bf3 d6 11. exd6 Bxd6 12. Bxb7 Qxb7 13. Nf3 0-0 14. 0-0 Nc6 15. Ng5 h6 16. Ne4 Rfd8 17. Nxd6 Rxd6 18. Bf4 Na5 19. Qd1 Rc6 20. Qf3 Rac8 21. Rac1 Rc4 22. Qg3 Kh7 23. Be5 f6 24. Qd3+ Kg8 25. Bf4 e5 26. Be3 e4 27. Qe2 Rxc3 28. Qg4 Rxc1 29. Bxc1 Rd8 30. Rd1 Kf8 31. Ba3+ Kf7 32. Qh5+ Kg8 33. Bc1 Nc6 34. Be3 Qf7 35. Qxf7+ Kxf7 36. Rc1 Nxd4 37. Rc7+ Kg6 38. Rxa7 Nb5 39. g4 Nxa7 40. Bxb6 Rd1+ 41. Kg2 0-1

[Event "Castelfidardo op 6th"]
[Site "Castelfidardo"]
[Date "2002.10.20"]
[Round "3"]
[White "Fioravanti, Emidio"]
[Black "Rinaudo, Andrea"]
[Result "0-1"]
[WhiteElo "1774"]
[BlackElo "1873"]
[PlyCount "150"]
[EventDate "2002.10.19"]
[EventType "swiss"]
[EventRounds "6"]
[EventCountry "ITA"]
[SourceTitle "EXT 2007"]
[Source "ChessBase"]
[SourceDate "2006.11.23"]
[SourceVersion "1"]
[SourceVersionDate "2006.11.23"]
[SourceQuality "1"]

1. e4 c5 2. Nf3 d6 3. d4 cxd4 4. Nxd4 Nf6 5. Nc3 a6 6. Bc4 e6 7. Bb3 Be7 8. 0-0 0-0 9. Re1 Qc7 10. Qf3 Nc6 11. Nxc6 bxc6 12. Bf4 e5 13. Bg5 h6 14. Bxf6 Bxf6 15. Rad1 a5 16. a4 Ba6 17. Qg4 Rab8 18. Re3 Qe7 19. Rg3 Bc8 20. Qh5 Kh7 21. Rgd3 g6 22. Qf3 Rd8 23. Nb1 Kg7 24. Rc3 Qe8 25. Na3 d5 26. Rcd3 d4 27. Rb1 Ba6 28. Bc4 Bxc4 29. Nxc4 c5 30. b3 Ra8 31. Re1 Qc6 32. Qg3 Qc7 33. Qg4 Ra6 34. h4 h5 35. Qh3 Qe7 36. g3 Kg8 37. Red1 Re8 38. Kh2 Bg7 39. g4 hxg4 40. Qxg4 Bh6 41. h5 Bf4+ 42. Kg2 Kg7 43. Rh1 Rh8 44. Rdh3 Rh6 45. Kf1 g5 46. Qf5 Raf6 47. Qg4 Qc7 48. Kg2 Qb7 49. Qe2 Qc7 50. Qe1 g4 51. Rh4 Qd7 52. Qe2 g3 53. Rg4+ Kh7 54. fxg3 Be3 55. Nxe3 dxe3 56. Qxe3 Qxg4 57. Rh4 Qd1 58. g4 Qf1+ 59. Kg3 Qf4+ 60. Qxf4 Rxf4 61. Rh1 Rxe4 62. Rd1 Rd4 63. Re1 f6 64. Re2 Kg7 65. g5 fxg5 66. Rxe5 Rxh5 67. Rxc5 Rd2 68. Rxa5 Rxc2 69. Ra7+ Kf6 70. Ra6+ Ke5 71. Ra8 Rc3+ 72. Kg4 Rhh3 73. Re8+ Kd6 74. Rd8+ Kc7 75. Ra8 Rxb3 0-1

[Event "Castelfidardo op 6th"]
[Site "Castelfidardo"]
[Date "2002.10.19"]
[Round "2"]
[White "Padovani, Alessio"]
[Black "Fioravanti, Emidio"]
[Result "0-1"]
[WhiteElo "1635"]
[BlackElo "1774"]
[PlyCount "60"]
[EventDate "2002.10.19"]
[EventType "swiss"]
[EventRounds "6"]
[EventCountry "ITA"]
[SourceTitle "EXT 2007"]
[Source "ChessBase"]
[SourceDate "2006.11.23"]
[SourceVersion "1"]
[SourceVersionDate "2006.11.23"]
[SourceQuality "1"]

1. c4 Nf6 2. g3 e5 3. Bg2 Bc5 4. Nc3 c6 5. e3 0-0 6. d4 exd4 7. exd4 Bb4 8. Nge2 d5 9. cxd5 Bxc3+ 10. Nxc3 Re8+ 11. Be3 Ng4 12. Qd2 Nxe3 13. fxe3 Qg5 14. e4 Qh5 15. 0-0 cxd5 16. Nxd5 Na6 17. Rac1 Be6 18. Nc7 Nxc7 19. Rxc7 Qb5 20. b3 Rad8 21. Kh1 Qb6 22. Rc5 Qxc5 23. d5 f6 24. Qf4 Bf7 25. Rc1 Qb4 26. Rd1 Bg6 27. h4 Re5 28. Kh2 Qd6 29. Re1 f5 30. Rf1 fxe4 0-1

[Event "Castelfidardo op 5th"]
[Site "Castelfidardo"]
[Date "2001.11.18"]
[Round "3"]
[White "Rinaudo, Andrea"]
[Black "Fioravanti, Emidio"]
[Result "1-0"]
[WhiteElo "1822"]
[BlackElo "1720"]
[PlyCount "135"]
[EventDate "2001.11.17"]
[EventType "swiss"]
[EventRounds "6"]
[EventCountry "ITA"]
[SourceTitle "EXT 2007"]
[Source "ChessBase"]
[SourceDate "2006.11.23"]
[SourceVersion "1"]
[SourceVersionDate "2006.11.23"]
[SourceQuality "1"]

1. e4 c5 2. Nf3 d6 3. d4 cxd4 4. Nxd4 Nf6 5. Nc3 g6 6. Be2 Bg7 7. Be3 0-0 8. 0-0 Nc6 9. f4 a6 10. Qd2 Qc7 11. a4 Rd8 12. Rac1 Bd7 13. Bd3 Rac8 14. Nb3 e6 15. h3 Na5 16. Nxa5 Qxa5 17. Qf2 Rc6 18. Bd2 Qb6 19. Qxb6 Rxb6 20. b3 Rc6 21. Ne2 Ne8 22. c4 Rdc8 23. g4 f5 24. gxf5 exf5 25. exf5 Bxf5 26. Bxf5 gxf5 27. Be3 b5 28. axb5 axb5 29. cxb5 Rxc1 30. Rxc1 Rb8 31. b6 Nf6 32. Bd4 Nd5 33. Rd1 Bh6 34. Kg2 Nxb6 35. Be3 Nc8 36. Rd3 Kf7 37. Kf3 Bg7 38. Bd2 Rb6 39. Ba5 Rc6 40. b4 Na7 41. Bd8 Nb5 42. Rd5 Nc3 43. Nxc3 Rxc3+ 44. Kg2 Ke6 45. Rb5 Rc4 46. Rb7 Bc3 47. b5 Rb4 48. b6 Bd4 49. Re7+ Kd5 50. b7 Bf6 51. Rd7 Bxd8 52. Rxd8 Rxb7 53. Kf3 Re7 54. h4 Kc5 55. h5 d5 56. Rf8 d4 57. Rxf5+ Kc4 58. Rf8 Kc3 59. Rc8+ Kd2 60. Rd8 d3 61. f5 Kc2 62. Rc8+ Kd1 63. Rd8 d2 64. Kf4 Ke1 65. f6 Rf7 66. Ke5 d1Q 67. Rxd1+ Kxd1 68. Ke6 1-0